00269nam a2200085Ia 450000100070000000500170000700800410002424500920006526000260015767786820250826161026.0250824s9999 xx 000 0 und d 0aHayvanlarda Saldırı ve Savunma Taklitçilik ve İlişkilercKimberley Jane Pryor bTÜBİTAK YAYINLARI